| 000 | 00370nam a2200121Ia 4500 | ||
|---|---|---|---|
| 008 | 191111s9999 xx 000 0 und d | ||
| 020 | _a9781506332512 | ||
| 100 | _aLuttrell, Regina M. | ||
| 245 |
_cRegina M. luttrell.-- _aPublic relations campaign : _ban integrated approach / |
||
| 260 |
_aUSA : _bSage _c2019 |
||
| 300 | _axxvii, 276 pages. | ||
| 650 | _aPublic relations | ||
| 999 |
_c362681 _d362681 |
||